000 00476nam a2200181Ia 4500
003 GCL
008 140319s9999 xx 000 0 eng d
040 _aGCL /
_cGCL
082 0 4 _aCH
_b629.222
_bD V
100 1 _aDORLING, KINDERSLEY
245 1 0 _aTHE VISUAL DICTIONARY OF CARS /
_cDORLING, KINDERSLEY
260 _a[S.N] :
_bDORLING KINDERSLEY ،
_c1992
300 _a64 P
650 0 4 _aCHILDREN
650 0 4 _aTECHNOLOGY
650 0 4 _aENGINEERING CARS
942 _2ddc
_cBK
999 _c15088
_d15088